000 01797nam0a22003131 4500
001 v19\rc\2018804
005 20240424100931.0
035 _a(NLR Aleph) 005099466
090 _a7377417
_c7377417
100 _a20080925d1903 |||y0rusy50 ca
101 0 _arus
102 _aRU
105 _ay b |||||
200 1 _aКаталог библиотеки Н.И. Костомарова, пожертвованной в 1894 г. Университету св. Владимира Алиной Леонтьевной Костомаровой
210 _aКиев
_d1903
215 _a[2], VIII, 83 с.
_d25
300 _aИз предисл.: ... Каталог... сост. пом. библиотекаря Б.Ф. Бурзи (в настоящее время проф. в Нежинск. истор.-филол. ин-те) и Г.С. Дверницким
532 1 0 _aКаталог библиотеки Николая Ивановича Костомарова, пожертвованной в 1894 г. Университету св. Владимира Алиной Леонтьевной Костомаровой
702 1 _aКостомаров
_bН. И.
_cисторик
_f1817-1885
_gНиколай Иванович
_3RU\NLR\AUTH\779376
_4570
702 1 _aКостомарова
_bА. Л.
_f1830-1908
_gАлина Леонтьевна
_3RU\NLR\AUTH\770267549
_4570
702 1 _aБурзи
_bБ. Ф.
_f1863-
_gБернард Фридрихович
_4220
702 1 _aДверницкий
_bГ. С.
_gГригорий Севастьянович
_4220
710 0 2 _aУниверситет св. Владимира
_cКиев
_bБ-ка
_3RU\NLR\AUTH\889951430
801 0 _aRU
_bNLR
_gpsbo
801 1 _aRU
_bProSoft-M
_2rusmarc
852 _aNLR
_j653/К-72
942 _cBOOK
980 _aNB